000 00903nam a2200253 i 4500
001 68270
003 ES-MaACL
005 20250824214705.0
007 t|
008 040615s2004 sp a |||| | spa d
020 _a84-7813-270-8
080 _a94(=1.368:460)(093)(04)
080 _a94(=1.368:460)(093)(04)
100 1 _aMorales Romero, Eduardo.
_983071
245 1 0 _aHistoria de los vikingos en España
_b: ataques e incursiones contra los reinos cristianos y musulmanes de la Península Ibérica en los siglos IX-XI /
_cEduardo Morales Romero.
260 _aMadrid :
_bMiraguano,
_c[2004]
300 _a238 p. :
_bil. ;
_c24 cm.
490 1 _aLibros de los malos tiempos. Serie mayor
650 4 _aVikingos-
_zEspaña.
_917807
650 4 _aVikingos-
_xHistoria.
_917808
830 0 0 _aLibros de los malos tiempos
_9178824
852 _aES-MaACL
_jL-28021
999 _c68270
_d68270